| 000 | 00723nam a22001577a 4500 | ||
|---|---|---|---|
| 003 | OSt | ||
| 005 | 20150919145533.0 | ||
| 008 | 150919b xxu||||| |||| 00| 0 eng d | ||
| 040 | _cRUA | ||
| 082 | _aAGR MEA 2004 B030 Or.1 | ||
| 100 |
_9874 _aMENG, RANEL. |
||
| 245 | _astudy th kinds of weed in dry season rice and weed control by farmers in battambang province (ការសិក្សាអំពីប្រភេទរុក្ខជាតិចង្រៃលើស្រៃប្រាំង និង វិធានការកំចាត់របស់កសិករក្នុងខេត្តបាត់ដំបង) | ||
| 260 |
_aPhnom Penh _bRUA _c2004 |
||
| 300 |
_a44p. _bill. _c29cm. |
||
| 942 |
_2ddc _cAGR |
||
| 999 |
_c843 _d843 |
||